000 00797nam a22002412 4500
001 0000008569
005 20151217152036.0
008 080425s xx 000 0 eng d
020 _a8178295369 :
_cKES 1525
040 _aKABU
_cKABU
100 1 _aTreadwell, Donald.
_@0000159208
245 1 0 _aPublic relations writing :
_bprinciples in practice /
_cDonald Treadwell, Jill B. Treadwell.
250 _a2nd ed.
260 _aNew Delhi :
_bResponse Books,
_c2005.
300 _axxvi, 516 p.
650 0 _aPublic relations
_xAuthorship.
_@0000159209
650 0 _aPublic relations.
_@0000047274
700 1 _aTreadwell, Jill B.
_@0000159210
908 _a080425
950 _@1
999 _c7635
_d7635